| 000 | 00683nam a2200265Ia 4500 | ||
|---|---|---|---|
| 005 | 20250425162830.0 | ||
| 008 | 250425s9999 xx 000 0 und d | ||
| 020 | _a9789587624625 | ||
| 041 | _aspa | ||
| 044 | _ack | ||
| 082 |
_a330.015195 _pLAR |
||
| 100 | _aLARIOS, J. FERNANDO | ||
| 245 | 0 | _aFUNDAMENTOS DE ECONOMETRIA: TEORIA Y PROBLEMAS | |
| 250 | _a1A ED. | ||
| 264 |
_aColombia, BOGOTA _bEDICIONES DE LA U _c2007. |
||
| 300 | _a464 | ||
| 650 | _aECONOMETRIA | ||
| 650 | _aMETODOS DE REGRESION | ||
| 650 | _aMULTICOLINEALIDAD | ||
| 650 | _aREGRESION LINEAL | ||
| 700 | _aALVAREZ, V. JOSUE | ||
| 700 | _aQUINECHE, RICARDO | ||
| 942 | _c01 | ||
| 010 | _a110832 | ||
| 999 |
_c237344 _d237344 |
||